00839 2200289 4500001002100000005001500021035002500036090002100061245007500082250002600157260003700183300002900220008004100249020001800290040001700308082001600325084001600341100003400357700003000391850001200421041000800433043001200441504003300453999002100486990002100507990002100528YOGYA00000000004067520220627082229 a0010-081400000040393 aCB-D.11 2006-910 aMasalah-masalah haki kontemporer /cBudi Agus Riswandi, Siti Sumartiah aCetakan pertama, 2006 aYogyakarta :bGita Nagari,c2006 aviii, 214 hlm. ;c20 cm.130828s2006 yoia g 0 ind d a979-971-324-2 aYOPDYOGbind 223a346.048 a346.048 MAS aBudi Agus Riswandiepengarang aSiti Sumartiahepengarang aYOPDYOG aind aYOPDYOG aBibliografi: halaman 212-213 aCB-D.11/2006-910 aCB-D.11/2006-910 aCB-D.11/2006-910